All CART engine manufacturers. - Statistics

General Stats
  • This quiz has been taken 130 times
  • The average score is 4 of 6
Answer Stats
Manufacturer % Correct
Honda
96%
Chevrolet
93%
Toyota
89%
Cosworth
67%
Buick
46%
Ilmor
40%
No matching quizzes found
Score Distribution
Percent of People with Each Score
Percentile by Number Answered
Your Score History
You have not taken this quiz